01118nam a22003377a 4500003000500000005001700005008004100022010001000063011001100073020001800084035001100102040000900113082002200122110000800144245018500152260002300337300003600360490006800396650001200464650001600476650003500492650001500527650003100542650001300573650004600586650002200632700001700654700002500671700001600696830006800712CHAP20220817044407.0101110s2008 it rn 00010 eng d a99739 a100711 a9789251059265 a111397 cCHAP04a338.16bF31y v.112 aFAO10aValue - adding standards in the North American food market :btrade opportunities in certified products for developing countriesc/por Alice Byers, Daniele Giovannucci y Pascal Liu aRome :bFAO,c2008 aviii, 77 p. :bgráfs., tablas 0aDocumentos de la FAO sobre productos básicos y comerciov; 1114aCafé.14aCítricos.14aExportación e importación.14aLegumbres.14aMercadosxInvestigación.14aPrecios.14aProductos agrícolasxNormas de calidad.14aSemilla de cacao.1 aByers, Alice1 aGiovannucci, Daniele1 aLiu, Pascal00aDocumentos de la FAO sobre productos básicos y comerciov; 11